Honemann, Volker, 1943-. Literaturlandschaften. - Frankfurt, M. [u.a.] : Lang. - 2008 [Rezension]
| Titel: | Honemann, Volker, 1943-. Literaturlandschaften. - Frankfurt, M. [u.a.] : Lang. - 2008 [Rezension] |
|---|---|
| Verfasser: | |
| In: |
Neues Archiv für sächsische Geschichte, Band 80 (2009), Seite 310-312 alle Artikel anzeigen |
| Veröffentlicht: | 2009 |
| Format: | Aufsatz |
| Sprache: | Deutsch |
X
alg: 39499159
001A $01999:12-11-16
001B $01999:04-08-21 $t21:01:26.000
001D $01999:12-11-16
001U $0utf8
001X $00
002@ $0Aox
003@ $0394991591
007A $0394991591 $aHEB
007T $0Herdc0062903m
010@ $ager
011@ $a2009
021A $aHonemann, Volker, 1943-. Literaturlandschaften. - Frankfurt, M. {[u.a.] : Lang. - 2008 [Rezension]
028A $aBünz $dEnno
031A $d80 $h310-312 $j2009
039B $aIn $8--Abvc--. Neues Archiv für sächsische Geschichte. - Neustadt a.d. Aisch : Schmidt, 1880-. - ISSN 0944-8195 $x200900000800000690 $9047449519
039T $8--Aau--Honemann, Volker$Z1943-2017 [Tp1]. Literaturlandschaften. - Frankfurt, M. {[u.a.] : Lang, 2008. - X, 409 S.. - Ill.. - ISBN 978-3-631-57078-4 $9202487636
045F $a900.9437 $eDDC23BSB
045F/01 $a900
045F/03 $g437
045F/03 $g43816
045F/03 $g4385
045T $a8,1
lok: 39499159 78
exp: 39499159 78 1 #EPN
201B/01 $018-11-16 $t13:22:02.000
201U/01 $0utf8
203@/01 $0791290212
208@/01 $a12-11-16 $be
209A/01 $a/ $f000 $x00
220C/01 $aTitelaufnehmer: nk;tn
220C/01 $aHerkunft: HI Marburg
244Z/01 $2Trx $#Kesk- ja Ida- Euroopa kontseptsioonid $#Vidurio Europos koncepcijos $#East-Central Europe $#Keletközépeurópa-eszmék $#Europa Środkowo-Wschodnia koncepcje $#Európa stredovýchodná koncepcie $#Evropa střední, východní část koncepce $#Mitteleuropa $#Osteuropakonzeptionen $#Europa Środkowa koncepcje $#Stredná Európa koncepcie $#Střední Europa koncepce $8--Trx--Ostmitteleuropakonzeptionen $x01 $9391364286
244Z/01 $2Trx $#Latvija $#Lettland $#Łotwa $#Lotyšsko $8--Trx--Latvija $x02 $9391275879
244Z/01 $2Trx $#Silesia $#Śląsk $#Sliezsko $#Slezsko $8--Trx--Schlesien $x03 $9391173987
244Z/01 $2Trx $#Pomeranija $#Pommern $#Pomoransko $#Pomořansko $#Hinterpommern;Vorpommern;Mittelpommern $#Pomorze Środkowe;Pomorze Przednie $#Pomořansko;Západní Pomořany; Pomořany $8--Trx--Pomorze Zachodnie $x04 $9391303775
244Z/01 $2Trx $#arvustused $#recenzijos $#Reviews $#recenziók $#recenzje $#recenzie $#recenze $8--Trx--Rezensionen $x05 $9391357441
247C/01 $82080>Marburg/Lahn, Herder-Institut, Forschungsbibliothek, Bibliographieportal $9336309341
| LEADER | 00000caa a22000002c 4500 | ||
|---|---|---|---|
| 001 | 394991591 | ||
| 003 | DE-603 | ||
| 005 | 20210804210126.0 | ||
| 007 | tu | ||
| 008 | 161112s2009 xx |||| | u00||u|ger c | ||
| 035 | |a (DE-599)HEB394991591 | ||
| 040 | |a DE-603 |b ger |c DE-603 |d DE-603 | ||
| 041 | |a ger | ||
| 082 | 0 | 4 | |8 1\u |a 900.9437 |q DE-101 |2 23/BSB |
| 084 | |a 8,1 |2 ssgn | ||
| 085 | |8 1\u |b 900 | ||
| 085 | |8 1\u |z 2 |s 437 | ||
| 085 | |8 1\u |z 2 |s 43816 | ||
| 085 | |8 1\u |z 2 |s 4385 | ||
| 100 | 1 | |a Bünz, Enno | |
| 245 | 0 | 0 | |a Honemann, Volker, 1943-. Literaturlandschaften. - Frankfurt, M. [u.a.] : Lang. - 2008 [Rezension] |
| 264 | 0 | |c 2009 | |
| 773 | 0 | 8 | |i In |t Neues Archiv für sächsische Geschichte |d Neustadt a.d. Aisch : Schmidt, 1880- |x 0944-8195 |g Band 80 (2009), Seite 310-312 |w (DE-603)047449519 |w (DE-600)280274-0 |
| 787 | 0 | 8 | |i Rezension von |a Honemann, Volker, 1943-2017 |t Literaturlandschaften |d Frankfurt, M. [u.a.] : Lang, 2008 |h X, 409 S., Ill. |z 9783631570784 |w (DE-603)202487636 |
| 924 | 0 | |9 2080 |a (DE-603)791290212 |b DE-2080 |c HES |d d |g / | |


